000 00518nam a2200181Ia 4500
005 20250326141044.0
008 250326s9999 xx 000 0 und d
037 _aTextbook
040 _aFMSL
_beng
_cFMSL
041 _aeng
_2eng
084 _qFMSL
100 _aBhalla A S
245 0 _aTechnological transformation of rural India
_cBhalla A S; Reddy A K N
260 _aUnited Kingdom
_bUnited Kingdom, Intermediate Tech. publications
_c1994
300 _a239p
942 _cTB
999 _c1288500
_d1288500